| 000 | 01011cab a2200277 4500 | ||
|---|---|---|---|
| 001 | X2921 | ||
| 008 | 090401t1995 xxu||||| |||| 00| 0 eng d | ||
| 035 | _a(Sirsi) u27231 | ||
| 041 | _aeng | ||
| 100 | _aKerr, J. | ||
| 245 | _aLeisure market: what price tied tenancies? | ||
| 260 | _c1995 | ||
| 350 | _a0 | ||
| 490 |
_aCSM (Chartered Surveyor Monthly) _v4(9) July/August 1995, 19-21 |
||
| 520 | _aExamines the findings of an OFT enquiry into the wholesale price of beer, considering whether tenants of tied pubs pay more than the free trade. Discusses the advantages and disadvantages of a tied tenancy. | ||
| 650 | _aBEER | ||
| 650 | _aLEISURE INDUSTRY | ||
| 650 | _aLICENSED PROPERTY | ||
| 650 | _aPUBLIC HOUSES | ||
| 650 | _aSUPPLY OF BEER (LOAN TIES LICENCE PREMISES AND WHOLESALE PRICES) ORDER | ||
| 650 | _aSUPPLY OF BEER (TIED ESTATE) ORDER 1989 | ||
| 650 | _aTIED TENANCIES | ||
| 690 | _aPROPERTY-COMMERCIAL PROPERTY-COMMERCIAL PROPERTY MARKET | ||
| 942 | _n0 | ||
| 948 | _c04/03/1997 | ||
| 999 |
_c18331 _d18331 |
||